Pays qui ont l'anglais comme langue officielle - Statistiques

Statistiques générales
  • Ce quiz a été pris 74 fois
    40 depuis la dernière actualisation
  • Le résultat moyen est 29 sur 51
Statistiques - réponses
Par images Réponse % Correct
Australie
97%
Kenya
92%
Nouvelle-Zélande
89%
Jamaïque
86%
Nigeria
86%
Afrique du Sud
84%
Inde
84%
Tanzanie
76%
Canada
73%
Royaume-Uni
73%
Antigua-et-Barbuda
70%
Cameroun
70%
Papouasie Nouvelle Guinée
70%
Barbade
68%
Grenade
68%
Sainte-Lucie
68%
Tonga
68%
Samoa
65%
Seychelles
65%
Zambie
65%
Bahamas
62%
Liberia
62%
Namibie
62%
Saint Vincent et les Grenadines
59%
Singapour
59%
Zimbabwe
59%
Eswatini
54%
Nauru
54%
Irlande
51%
Soudan
51%
Micronésie
49%
Philippines
49%
Rwanda
49%
Belize
46%
Malte
46%
Tuvalu
46%
Botswana
43%
Dominique
41%
Malawi
41%
Vanuatu
38%
Gambie
35%
Guyana
32%
Ile Maurice
32%
Lesotho
32%
Ghana
30%
Ouganda
30%
Sri Lanka
30%
Pakistan
27%
Soudan du Sud
27%
Sierra Leone
24%
Iles Salomon
22%
Aucun quiz correspondant
Distribution des résultats
% des personnes avec chaque résultat
Percentile par nombre de réponses
Votre historique - résultats
Vous n’avez pas pris ce quiz depuis la dernière actualisation